Madame Sans-Gêne; (Record no. 23133)

MARC details
000 -LEADER
fixed length control field 00730cam a22002291 4500
001 - CONTROL NUMBER
control field f 01003637
003 - CONTROL NUMBER IDENTIFIER
control field DLC
005 - DATE AND TIME OF LATEST TRANSACTION
control field 20260227111247.0
008 - FIXED-LENGTH DATA ELEMENTS--GENERAL INFORMATION
fixed length control field 791203m18941895xx 000 0 fre
010 ## - LIBRARY OF CONGRESS CONTROL NUMBER
LC control number f 01003637
035 ## - SYSTEM CONTROL NUMBER
System control number (OCoLC)5754251
040 ## - CATALOGING SOURCE
Original cataloging agency DLC
Transcribing agency FTaSU
Modifying agency DLC
050 00 - LIBRARY OF CONGRESS CALL NUMBER
Classification number PQ2337.L5
Item number M2 1894
100 1# - MAIN ENTRY--PERSONAL NAME
Personal name Lepelletier, Edmond,
Dates associated with a name 1846-1913.
245 10 - TITLE STATEMENT
Title Madame Sans-Gêne;
Remainder of title roman tiré de la pièce de MM. Victorien Sardou et Émile Moreau.
260 ## - PUBLICATION, DISTRIBUTION, ETC.
Place of publication, distribution, etc. Paris,
Name of publisher, distributor, etc. Librairie illustrée
Date of publication, distribution, etc. [1894-95]
300 ## - PHYSICAL DESCRIPTION
Extent 3 v.
Dimensions 18 cm.
500 ## - GENERAL NOTE
General note At head of title: Edmond Lepelletier.
500 ## - GENERAL NOTE
General note Title vignettes (portraits)
700 1# - ADDED ENTRY--PERSONAL NAME
Personal name Sardou, Victorien,
Dates associated with a name 1831-1908.
700 1# - ADDED ENTRY--PERSONAL NAME
Personal name Moreau, Emile,
Dates associated with a name 1852-1922.

No items available.

Powered by Koha